| 000 | 00608nam a2200193Ia 4500 | ||
|---|---|---|---|
| 001 | 14882 | ||
| 003 | IVS | ||
| 005 | 20250626030558.0 | ||
| 008 | 211022s9999 xx 000 0 und d | ||
| 040 | _cIVS | ||
| 082 | _a700/ IMA | ||
| 100 | _aIman Jahangir | ||
| 245 | 0 | _aWhat are the myths and misconceptions of breast cancer in Pakistan and what role does the visual art culture play? | |
| 260 | _aKarachi | ||
| 260 | _bIndus Valley School of art & Architecture | ||
| 260 | _c2020 | ||
| 856 | _uhttps://drive.google.com/file/d/161BI8HEDJvEVIIHy3q_guNYNXwlPYAUo/view?usp=sharing | ||
| 942 |
_cDISS _n0 _2ddc |
||
| 999 |
_c11224 _d11224 |
||